00655nam a2200193Ia 4500008004100000020001800041082001400059100001700073245006900090250000700159260004800166300002300214500001900237600003300256650001600289942000700305952013200312999001700444240925s9999 xx 000 0 und d a9788184874907 a512.5 BUT aButt, Rizwan 3aAn Introduction to Applied Numerical Linear Algebra using MATLAB aNA aNew Delhi:bNarosa Publishing Housec,2015. a385p.b0fOriginal aIncludes Index aHumanities & Natural Science aMathematics cBK 001040708ETaUITUbUITUd2019-01-22eAllied Book Companyg1445.60l0o512.5 BUTpQ13895r2024-09-25 07:17:02w2024-09-25yBK c16394d16394